=LDR 00000nam 2200000 4500 =001 INLIS000000000005823 =005 20130612094023 =008 ***********************************Ind** =035 ##$$0010-061300000005823 =041 ##$$a Ind =082 ##$$a 005.8 =090 ##$$a 005.8, Suh k =100 ##$$a Suhaeimi =245 ##$$a Kejahatan komputer, Suhaimi =260 ##$$a 1991 $b Yogyakarta =300 ##$$a x, 199 hlm., Ilus., 22 cm =650 ##$$a Komputer-Kejahatan =850 ##$$a NBPNMAT